000 00267nam a22001097a 4500
082 _aM07
_bACH/V
100 _a Achutha Menon C
245 _aVayanayude Uthirmanikal
260 _aThiruvanthapuram:
_bPrabhatham,
_c1988.
650 _aLiterature Malayalam
942 _cBK
999 _c174729
_d174729